| 000 | 00501nam a2200181 4500 | ||
|---|---|---|---|
| 001 | 132470 | ||
| 003 | ES-MaACL | ||
| 005 | 20251003063126.0 | ||
| 007 | t| | ||
| 008 | 070214s1919 fr r ||||1| fre d | ||
| 100 | 1 |
_aRomains, Jules, _d1885-1972 _999206 |
|
| 245 | 1 | 0 |
_aPuissances de Paris / _cJules Romains (seud). |
| 250 | _a4ª. ed. | ||
| 260 |
_aParis : _bLa Nouvelle Revue Française, _c1919. |
||
| 300 |
_a157 p. ; _c17 cm. |
||
| 852 |
_aES-MaACL _jD-332 |
||
| 999 |
_c132470 _d132470 |
||